Statistics for Astronaut In The Ocean Lyrics

Click here to take the quiz!

General Stats

  • This quiz has been taken 98 times
  • The average score is 252 of 414

Answer Stats

Answer% Correct
A
98%
You
98%
About
96%
Deep
96%
Do
96%
I
96%
In
96%
Know
96%
Rollin'
96%
The
96%
What
96%
Down
94%
Goes
94%
Numb
93%
When
93%
Freeze
91%
Brain
90%
Me
90%
Astronaut
89%
Mental
89%
That
89%
Your
89%
To
88%
Can
86%
An
85%
Call
85%
Motion
84%
Ocean
84%
People
84%
Shi*
84%
Slow
84%
Talk
84%
Yeah
83%
Much
81%
Like
80%
Feel
78%
Put
78%
Too
78%
These
75%
She
61%
Don't
59%
I'm
58%
Believe
56%
Cool
56%
God
56%
G-O-D
56%
Say
56%
That's
53%
True
51%
T-H-O-T
50%
Dumb
49%
Fun
49%
Play
48%
It
45%
My
45%
No
45%
For
40%
Keep
39%
Her
36%
Let
35%
Falling
34%
This
33%
Playing
31%
Really
31%
Get
30%
Give
30%
But
29%
I'ma
29%
Rain
29%
Stencil
29%
Was
29%
Y'all
29%
Flow
28%
Out
28%
Pouring
28%
Everything
26%
Picture
26%
So
26%
Second
25%
Turn
25%
Way
25%
All
24%
Ayy
24%
Just
24%
See
24%
Still
24%
Straight
24%
Which
24%
Around
23%
Didn't
23%
Drought
23%
Is
23%
Kill
23%
Paid
23%
Work
23%
If
21%
Purge
21%
Electric
20%
Energy
20%
Up
20%
Pain
19%
They
19%
And
18%
Even
18%
Felt
18%
Kinda
18%
Let's
18%
Progression
18%
Burnt
16%
Frame
16%
La
16%
Blame
15%
Lemme
15%
Surge
15%
Elevate
13%
Kinetic
13%
Moving
13%
Of
13%
On
13%
Pass
13%
Please
13%
Deflate
11%
Have
11%
Uh
11%
Wasn't
11%
Ain't
10%
Been
10%
Lounged
10%
Not
10%
Pool
10%
Prank
10%
Right
10%
Better
9%
Could
9%
Fine
9%
Going
9%
I've
9%
Mode
9%
Piece
9%
Baton
8%
Break
8%
Man
8%
Never
8%
Relay
8%
Spine
8%
Between
6%
Lines
6%
Match
6%
Pray
6%
Rhyme's
6%
Swimming
6%
Time
6%
Walkin'
6%
Want
6%
Inclined
5%
Plank
5%
Read
5%
Waste
5%
Back
4%
Both
4%
Hands
4%
Kendrick
4%
Lamar
4%
Together
4%
Sign
3%
Mine
1%
Grind
0%
Peace
0%

Score Distribution

Percentile by Number Answered

Percent of People with Each Score

Your Score History

You have not taken this quiz